| 000 -LEADER |
| fixed length control field |
00482nam a22001697a 4500 |
| 008 - FIXED-LENGTH DATA ELEMENTS--GENERAL INFORMATION |
| fixed length control field |
151020b xxu||||| |||| 00| 0 eng d |
| 020 ## - INTERNATIONAL STANDARD BOOK NUMBER |
| International Standard Book Number |
9780205585953 |
| 020 ## - INTERNATIONAL STANDARD BOOK NUMBER |
| International Standard Book Number |
0205585957 |
| 041 0# - LANGUAGE CODE |
| Language code of text/sound track or separate title |
eng |
| 080 ## - UNIVERSAL DECIMAL CLASSIFICATION NUMBER |
| Universal Decimal Classification number |
327 |
| 245 10 - TITLE STATEMENT |
| Title |
International relations : |
| Statement of responsibility, etc |
Joshua S. Goldstein; Jon C. Pevehouse' |
| 250 ## - |
| -- |
8th ed. |
| 260 ## - |
| -- |
USA: |
| -- |
Pearson; |
| -- |
2009. |
| 300 ## - |
| -- |
559 f.: |
| -- |
me il.; |
| -- |
24 cm. |
| 650 #0 - |
| -- |
Marrëdhëniet ndërkombëtare |
| 942 ## - ADDED ENTRY ELEMENTS (KOHA) |
| Source of classification or shelving scheme |
|
| Item type |
Books |